[Event "Open "A""]
[Site "Schwarzach"]
[Date "1998.08.22"]
[Round "1.1"]
[White "Epishin, Vladimir"]
[Black "Hicker, Harald"]
[Result "1-0"]
[WhiteElo "2585"]
[BlackElo "2130"]
[PlyCount "131"]
[EventDate "1998.08.30"]

1. d4 d5 2. c4 c6 3. Nc3 Nf6 4. e3 Bf5 5. cxd5 Nxd5 6. Bc4 e6 7. Nge2 Nd7 8.
O-O Be7 9. e4 Nxc3 10. Nxc3 Bg6 11. Bb3 O-O 12. Be3 Nf6 13. f3 Qa5 14. Qe1 Kh8
15. Ne2 Qxe1 16. Rfxe1 Nd7 17. Rad1 h6 18. Nf4 Bh7 19. d5 cxd5 20. exd5 e5 21.
Ne2 Bc5 22. Nc3 f6 23. d6 Bg8 24. Nd5 Rad8 25. Nc7 Bxb3 26. axb3 Rf7 27. Bxc5
Nxc5 28. b4 Nd7 29. Ne6 Re8 30. Nc5 b6 31. Na6 Nf8 32. f4 Rd7 33. fxe5 fxe5 34.
Rd5 Red8 35. Red1 Ne6 36. Nc7 Nd4 37. Re1 Rxd6 38. Rexe5 Rxd5 39. Rxd5 Rxd5 40.
Nxd5 Kg8 41. Kf2 Kf7 42. Ke3 Nc2+ 43. Ke4 Ke6 44. h4 Kd6 45. g4 g5 46. h5 Ke6
47. b5 Na1 48. Ne3 Nb3 49. Nf5 Nd2+ 50. Kd3 Nf3 51. Nd4+ Ke5 52. Nxf3+ Kf4 53.
Ke2 Kxg4 54. Ne5+ Kxh5 55. Kf3 Kh4 56. Kg2 g4 57. Nc6 h5 58. Nxa7 Kg5 59. Nc8
h4 60. Nxb6 Kf4 61. Nc4 h3+ 62. Kf1 g3 63. Kg1 Kf3 64. Ne5+ Ke2 65. Ng4 Kf3 66.
Nh2+ 1-0

[Event "Open "A""]
[Site "Schwarzach"]
[Date "1998.08.22"]
[Round "1.2"]
[White "Wimmer, Alfred"]
[Black "Beim, Valeri"]
[Result "0-1"]
[WhiteElo "2125"]
[BlackElo "2565"]
[PlyCount "52"]
[EventDate "1998.08.30"]

1. c4 e5 2. Nc3 Bb4 3. Qc2 Nf6 4. a3 Bxc3 5. Qxc3 Nc6 6. g3 d5 7. Bg2 Be6 8. b3
O-O 9. Bb2 Re8 10. d3 Qd7 11. Nf3 Bh3 12. O-O Rad8 13. Rfd1 h6 14. Rac1 d4 15.
Qc2 Qg4 16. e3 dxe3 17. fxe3 Bxg2 18. Qxg2 e4 19. Nd4 Ne5 20. dxe4 c5 21. Ne2
Nf3+ 22. Kh1 Nxe4 23. Nc3 Rxd1+ 24. Rxd1 Nxc3 25. Bxc3 Nxh2 26. Rd5 Nf3 0-1

[Event "Open "A""]
[Site "Schwarzach"]
[Date "1998.08.22"]
[Round "1.3"]
[White "Burmakin, Valeri"]
[Black "Aschauer, Guenther"]
[Result "1-0"]
[WhiteElo "2560"]
[BlackElo "2115"]
[PlyCount "61"]
[EventDate "1998.08.30"]

1. d4 Nf6 2. c4 g6 3. g3 Bg7 4. Bg2 O-O 5. Nc3 d6 6. Nf3 Nc6 7. O-O a6 8. b3
Bf5 9. Bb2 Qc8 10. d5 Na5 11. Nd2 c5 12. e4 Bh3 13. Qe2 Bxg2 14. Kxg2 Nd7 15.
f4 Rb8 16. Rab1 Qc7 17. Nf3 Rfe8 18. Rbe1 e5 19. f5 Bh6 20. Bc1 Bxc1 21. Rxc1
Qd8 22. fxg6 hxg6 23. Qd2 Qe7 24. Nd1 b6 25. Qh6 Qf8 26. Qh3 Re7 27. Ng5 Qg7
28. Ne3 f6 29. Ng4 fxg5 30. Nh6+ Kh8 31. Nf5+ 1-0

[Event "Open "A""]
[Site "Schwarzach"]
[Date "1997.08.22"]
[Round "1.6"]
[White "Stanec, Nikolaus"]
[Black "Donegani, Peter"]
[Result "0-1"]
[WhiteElo "2495"]
[BlackElo "2115"]
[PlyCount "47"]
[EventDate "1998.08.30"]

1. e4 d5 2. exd5 Qxd5 3. Nc3 Qa5 4. d4 Nf6 5. Nf3 Nc6 6. a3 Bg4 7. Bb5 O-O-O 8.
Bxc6 bxc6 9. Qe2 Kb7 10. b4 Qh5 11. Na4 e6 12. Nc5+ Bxc5 13. bxc5 Ka8 14. O-O
Bxf3 15. gxf3 Rxd4 16. Rb1 Ng4 17. fxg4 Rxg4+ 18. Kh1 Rg1+ 19. Kxg1 Qxe2 20.
Bf4 e5 21. Rbe1 Qg4+ 22. Bg3 f6 23. f4 h5 24. fxe5 0-1

[Event "Open "A""]
[Site "Schwarzach"]
[Date "1998.08.22"]
[Round "1.7"]
[White "Kjeld, Mathias"]
[Black "Soln, Primoz"]
[Result "1/2-1/2"]
[WhiteElo "2110"]
[BlackElo "2470"]
[PlyCount "40"]
[EventDate "1998.08.30"]

1. d4 d5 2. c4 e6 3. Nc3 c6 4. e4 Bb4 5. e5 c5 6. cxd5 exd5 7. Bb5+ Nc6 8. a3
Ba5 9. Nge2 Nge7 10. dxc5 O-O 11. b4 Bc7 12. f4 a5 13. Rb1 axb4 14. axb4 Bf5
15. Bd3 Bxd3 16. Qxd3 d4 17. Ne4 Nxb4 18. Rxb4 Ba5 19. O-O Bxb4 20. f5 Nc6
1/2-1/2

[Event "Open "A""]
[Site "Schwarzach"]
[Date "1997.08.22"]
[Round "1.9"]
[White "Ebner, Johann"]
[Black "Balinov, Ilia"]
[Result "0-1"]
[WhiteElo "2105"]
[BlackElo "2450"]
[PlyCount "48"]
[EventDate "1998.08.30"]

1. d4 Nf6 2. c4 g6 3. Nc3 d5 4. Nf3 Bg7 5. e3 O-O 6. Be2 b6 7. O-O Bb7 8. Ne5
e6 9. f4 Nbd7 10. b3 c5 11. Ba3 Nxe5 12. fxe5 Ne4 13. Nxe4 dxe4 14. dxc5 Qg5
15. c6 Qxe3+ 16. Kh1 Bxc6 17. Bxf8 Rxf8 18. Qd6 Ba8 19. Rae1 Qg5 20. Qd7 Bxe5
21. g3 h5 22. Qxa7 Bxg3 23. Rxf7 Rxf7 24. Qxa8+ Rf8 0-1

[Event "Open "A""]
[Site "Schwarzach"]
[Date "1998.08.22"]
[Round "1.10"]
[White "Hresc, Vladimir"]
[Black "Voigt, Roland"]
[Result "1-0"]
[WhiteElo "2425"]
[BlackElo "2095"]
[PlyCount "99"]
[EventDate "1998.08.30"]

1. e4 c5 2. Nf3 d6 3. d4 cxd4 4. Nxd4 Nf6 5. Nc3 a6 6. f4 Qc7 7. Be2 b5 8. Bf3
Bb7 9. Be3 Nbd7 10. Nde2 e6 11. a3 Be7 12. g4 Nb6 13. Ng3 Nc4 14. Bc1 Rc8 15.
O-O Qc5+ 16. Kg2 g6 17. g5 Nd7 18. Qe2 Rg8 19. h4 h6 20. Nd1 hxg5 21. hxg5 e5
22. b3 exf4 23. Bxf4 Nce5 24. Ne3 Rf8 25. Qd2 Nxf3 26. Rxf3 Ne5 27. Rf2 f5 28.
gxf6 Rxf6 29. Nd5 Bxd5 30. exd5 g5 31. Ne4 Qxf2+ 32. Qxf2 Rxf4 33. Qe2 Kd7 34.
Rh1 Rh4 35. Rxh4 gxh4 36. Qf2 Rg8+ 37. Kh3 Rg6 38. Qa7+ Ke8 39. Qxa6 Nf3 40.
Qxb5+ Kd8 41. Qb6+ Ke8 42. Qb5+ Kd8 43. Qf1 Ne5 44. c4 Rg7 45. c5 Rf7 46. Qa6
Rf3+ 47. Kh2 h3 48. cxd6 Ng4+ 49. Kh1 Bh4 50. Qa8+ 1-0

[Event "Open "A""]
[Site "Schwarzach"]
[Date "1998.08.22"]
[Round "1.11"]
[White "Kapferer, Romed"]
[Black "Hecht, Hans-Joachim"]
[Result "0-1"]
[WhiteElo "2080"]
[BlackElo "2405"]
[PlyCount "78"]
[EventDate "1998.08.30"]

1. e4 e6 2. d4 d5 3. Nc3 Nc6 4. e5 Bd7 5. f4 Nh6 6. Be3 f6 7. Nf3 Qe7 8. Qd2
O-O-O 9. a3 Qf7 10. O-O-O Nf5 11. Bf2 h5 12. Bd3 Be7 13. Rhe1 fxe5 14. fxe5 h4
15. h3 Rdg8 16. Rf1 g5 17. Bxf5 exf5 18. Ne1 Na5 19. Nd3 b6 20. Qe2 Kb7 21. Bg1
Be6 22. Nb4 Bxb4 23. axb4 Nc6 24. Na2 Qe7 25. Qd2 a6 26. Rf3 f4 27. Ra3 Ra8 28.
Bf2 a5 29. b5 Nb4 30. Qc3 Bd7 31. Qf3 Bxb5 32. Nxb4 axb4 33. Rxa8 Rxa8 34.
Qxd5+ Bc6 35. Qc4 Bxg2 36. d5 Ra1+ 37. Kd2 Rxd1+ 38. Kxd1 Qxe5 39. Qc6+ Kb8 0-1

[Event "Open "A""]
[Site "Schwarzach"]
[Date "1998.08.22"]
[Round "1.12"]
[White "Piven, Igor"]
[Black "Heil, Walter"]
[Result "1-0"]
[WhiteElo "2380"]
[BlackElo "2070"]
[PlyCount "115"]
[EventDate "1998.08.30"]

1. c4 e5 2. g3 d6 3. Bg2 Nc6 4. Nc3 f5 5. d3 Nf6 6. Nf3 Be7 7. O-O O-O 8. Rb1
Qe8 9. b4 Qh5 10. b5 Nd8 11. Nd5 Nxd5 12. cxd5 Nf7 13. e3 g5 14. Nd2 Qg6 15.
Qc2 Bd8 16. f4 g4 17. Nc4 Bd7 18. a4 Rc8 19. Qb3 Bf6 20. Bb2 Rce8 21. Rbe1 Re7
22. d4 exd4 23. exd4 Rfe8 24. Rxe7 Rxe7 25. Qd3 Nh6 26. Kf2 Qe8 27. Bc3 Kg7 28.
Rc1 b6 29. Bb4 Nf7 30. Ne3 Bc8 31. Bd2 h5 32. h4 Kg6 33. Nc4 Bd7 34. Bc3 Nh6
35. Rb1 Ng8 36. Bb4 Qb8 37. Rc1 Nh6 38. Ne5+ Kg7 39. Rc4 Be8 40. Qc2 Qd8 41.
Rc3 Kg8 42. Kf1 Kg7 43. Re3 Kg8 44. Qc4 Kg7 45. Ra3 Kh7 46. Kf2 Rg7 47. Nc6
Bxc6 48. dxc6 Bxh4 49. gxh4 Qxh4+ 50. Kf1 Re7 51. Qd3 Qf6 52. Ra2 h4 53. Re2
Rg7 54. Bd5 h3 55. Be1 g3 56. Bxg3 Qg6 57. Bh2 Qh5 58. Re3 1-0

[Event "Open "A""]
[Site "Schwarzach"]
[Date "1998.08.22"]
[Round "1.14"]
[White "Brumen, Dinko"]
[Black "Niemers, Johannes"]
[Result "1-0"]
[WhiteElo "2355"]
[BlackElo "2035"]
[PlyCount "103"]
[EventDate "1998.08.30"]

1. d4 d5 2. Bg5 Nd7 3. e3 Ngf6 4. Nd2 e6 5. Bd3 Be7 6. Ngf3 a6 7. O-O O-O 8.
Qe2 h6 9. Bh4 c5 10. c3 c4 11. Bc2 b5 12. e4 dxe4 13. Nxe4 Nd5 14. Bxe7 Qxe7
15. Ne5 Nxe5 16. dxe5 Bb7 17. f4 f5 18. exf6 Nxf6 19. Nxf6+ Rxf6 20. Qe5 Qd8
21. Be4 Qb6+ 22. Kh1 Bxe4 23. Qxe4 Raf8 24. Rad1 Qc7 25. g3 Rd8 26. Kg2 Rc8 27.
Rf2 Qc6 28. Qxc6 Rxc6 29. Rfd2 Rf7 30. Rd8+ Kh7 31. R1d6 Rfc7 32. Kf3 Kg6 33.
Ke4 Kf6 34. g4 Ke7 35. Rd2 Rb7 36. g5 hxg5 37. fxg5 a5 38. h4 b4 39. Ra8 Rc5
40. Kf4 g6 41. Kg4 bxc3 42. bxc3 Kf7 43. h5 gxh5+ 44. Kxh5 e5 45. Rd6 e4 46.
Kh6 Ke7 47. Rg6 Rb2 48. Ra7+ Kf8 49. Rf6+ Ke8 50. g6 e3 51. Rf8+ Kxf8 52. g7+
1-0

[Event "Open "A""]
[Site "Schwarzach"]
[Date "1998.08.22"]
[Round "1.15"]
[White "Taschner, Peter"]
[Black "Quinn, Mark"]
[Result "0-1"]
[WhiteElo "2030"]
[BlackElo "2350"]
[PlyCount "120"]
[EventDate "1998.08.30"]

1. e4 c5 2. Nf3 Nc6 3. Bb5 g6 4. O-O Bg7 5. c3 Nf6 6. Re1 O-O 7. d4 d5 8. e5
Ne4 9. Bxc6 bxc6 10. Nfd2 Nxd2 11. Qxd2 Qb6 12. b3 cxd4 13. cxd4 f6 14. Nc3
fxe5 15. dxe5 Qb4 16. Na4 Qh4 17. Bb2 Bf5 18. Nc5 Rab8 19. Qd4 Qxd4 20. Bxd4
Rb4 21. Rad1 Bh6 22. Re2 Rb5 23. f3 g5 24. g4 Bc8 25. Kg2 Bg7 26. Rc2 a5 27.
Na4 Bd7 28. Rc5 Rfb8 29. Kf2 e6 30. Ke3 Kf7 31. Rc2 Rb4 32. Nc5 Ke7 33. Na6
Rxd4 34. Kxd4 Rb6 35. Nc5 Rb4+ 36. Ke3 Bxe5 37. h3 Be8 38. Ke2 Bd6 39. Rc3 Rb5
40. Rdc1 Be5 41. R3c2 Kd6 42. Nd3 Bd4 43. h4 gxh4 44. Rh1 Bf6 45. f4 h6 46. Rh3
Bg6 47. Rd2 Rb7 48. Ne1 Be4 49. Nf3 Rg7 50. Nh2 Bg2 51. Rdd3 Bxh3 52. Rxh3 c5
53. Kd3 a4 54. Re3 axb3 55. axb3 Bd4 56. Rh3 Bf2 57. g5 hxg5 58. Ng4 Bg3 59.
fxg5 Rxg5 60. Ne3 Bf2 0-1

[Event "Open "A""]
[Site "Schwarzach"]
[Date "1998.08.22"]
[Round "1.17"]
[White "Hirmann, Peter"]
[Black "Neckar, Lubomir"]
[Result "0-1"]
[WhiteElo "2025"]
[BlackElo "2345"]
[PlyCount "91"]
[EventDate "1998.08.30"]

1. d4 d5 2. Nf3 e6 3. Bf4 c5 4. c3 Nd7 5. e3 Ngf6 6. Nbd2 b6 7. Bd3 Bb7 8. O-O
Be7 9. Qe2 Nh5 10. Bg3 O-O 11. Ne5 Nxg3 12. hxg3 Nxe5 13. dxe5 g6 14. f4 f6 15.
exf6 Bxf6 16. e4 Qd7 17. e5 Be7 18. Bb5 Bc6 19. Bxc6 Qxc6 20. Nf3 b5 21. a3 a5
22. Ra2 a4 23. Qd2 Rad8 24. Raa1 Rd7 25. Rfd1 Bd8 26. Qc2 Rdf7 27. Rac1 Rf5 28.
Rd3 g5 29. Nxg5 Bxg5 30. fxg5 Rxg5 31. Re3 Qe8 32. Rf1 Rxf1+ 33. Kxf1 Qg6 34.
Qf2 Qb1+ 35. Qe1 Qxe1+ 36. Kxe1 Kg7 37. Kf2 Kg6 38. Kf3 Rf5+ 39. Kg4 h5+ 40.
Kh4 Rf1 41. g4 Rf4 42. Rg3 hxg4 43. Rxg4+ Kf5 44. Rxf4+ Kxf4 45. g4 d4 46. g5
0-1

[Event "Open "A""]
[Site "Schwarzach"]
[Date "1998.08.23"]
[Round "2.1"]
[White "Staller, Peter"]
[Black "Epishin, Vladimir"]
[Result "1/2-1/2"]
[WhiteElo "2300"]
[BlackElo "2585"]
[PlyCount "102"]
[EventDate "1998.08.30"]

1. Nf3 Nf6 2. b3 d5 3. Bb2 Bg4 4. e3 e6 5. Be2 Bd6 6. d4 Ne4 7. Ne5 Bxe2 8.
Qxe2 O-O 9. O-O f6 10. Nf3 Nd7 11. Nbd2 c6 12. Nxe4 dxe4 13. Nd2 f5 14. a4 Qh4
15. g3 Qh3 16. Nc4 Bc7 17. Ba3 Rf6 18. f4 exf3 19. Rxf3 e5 20. dxe5 Nxe5 21.
Nxe5 Bxe5 22. Raf1 Qg4 23. Qc4+ Qxc4 24. bxc4 Re8 25. Rxf5 b6 26. Kg2 c5 27.
Rxf6 Bxf6 28. Bc1 Kf7 29. Kf3 Ke6 30. Ke2 h5 31. Rf4 Be5 32. Rf3 Rd8 33. Bd2 g5
34. Be1 g4 35. Rf1 Rh8 36. Rg1 Rf8 37. Bf2 Rf3 38. Rg2 Kf5 39. Rg1 Ke4 40. Rh1
Rf6 41. Rd1 Rd6 42. Rxd6 Bxd6 43. Be1 Be5 44. Bf2 h4 45. Be1 h3 46. Bf2 Bf6 47.
Be1 Bg5 48. Bf2 Bh6 49. Bg1 Bg7 50. Bf2 Bc3 51. Bg1 Be5 1/2-1/2

[Event "Open "A""]
[Site "Schwarzach"]
[Date "1998.08.23"]
[Round "2.2"]
[White "Beim, Valeri"]
[Black "Altukhov, Sergei"]
[Result "1/2-1/2"]
[WhiteElo "2565"]
[BlackElo "2305"]
[PlyCount "80"]
[EventDate "1998.08.30"]

1. c4 e6 2. Nc3 d5 3. d4 Nf6 4. cxd5 exd5 5. Bg5 Be7 6. e3 O-O 7. Bd3 Be6 8.
Nf3 c5 9. O-O Nc6 10. dxc5 Bxc5 11. Rc1 Be7 12. Nb5 Rc8 13. Nbd4 Nxd4 14. Nxd4
Rxc1 15. Qxc1 Ng4 16. Bxe7 Qxe7 17. h3 Rc8 18. Qb1 Nf6 19. Rc1 Rc5 20. Rc2 Bd7
21. a3 g6 22. Nb3 Rxc2 23. Qxc2 Qd6 24. Qc5 Qxc5 25. Nxc5 Bc6 26. f3 Kf8 27.
Kf2 Ke7 28. Ke2 Kd6 29. Nb3 Nd7 30. Kd2 Nc5 31. Nxc5 Kxc5 32. b4+ Kd6 33. Kc3
Ke5 34. f4+ Kd6 35. Kd4 h5 36. h4 f5 37. Bc2 Bd7 38. Bb3 Be6 39. a4 b6 40. a5
b5 1/2-1/2

[Event "Open "A""]
[Site "Schwarzach"]
[Date "1998.08.23"]
[Round "2.3"]
[White "Hlavnicka, Jiri"]
[Black "Burmakin, Vladimir"]
[Result "0-1"]
[WhiteElo "2215"]
[BlackElo "2560"]
[PlyCount "96"]
[EventDate "1998.08.30"]

1. e4 c6 2. d4 d6 3. Nf3 Bg4 4. h3 Bh5 5. Be3 Nf6 6. Nbd2 Nbd7 7. Bd3 e5 8. c3
Be7 9. O-O O-O 10. Qe1 Re8 11. Nh2 d5 12. dxe5 Nxe5 13. Bb1 dxe4 14. Nxe4 Nc4
15. Ng3 Bc5 16. Nxh5 Nxe3 17. Nxf6+ Qxf6 18. fxe3 Rxe3 19. Bxh7+ Kh8 20. Qxe3
Bxe3+ 21. Kh1 Bf4 22. Bd3 Qd6 23. Ng4 g6 24. Rad1 Qc7 25. Bc4 f5 26. Rd4 Bg5
27. Nf2 Rd8 28. Rxd8+ Qxd8 29. Rd1 Qe7 30. Nd3 Qd6 31. a4 Qg3 32. Rf1 Kg7 33.
Rf3 Qh4 34. Bb3 c5 35. Nf2 Bc1 36. Nd3 Bh6 37. Nf2 Qe7 38. Bc4 Qe1+ 39. Kh2 Be3
40. Nd3 Qd2 41. h4 f4 42. Kh3 Kh7 43. b3 a6 44. Kh2 Kh6 45. Kh3 Kg7 46. g3 Qd1
47. Ne5 Qg1 48. gxf4 Bf2 0-1

[Event "Open "A""]
[Site "Schwarzach"]
[Date "1998.08.23"]
[Round "2.4"]
[White "Hengl, Christian"]
[Black "Polak, Thomas"]
[Result "1/2-1/2"]
[WhiteElo "2180"]
[BlackElo "2525"]
[PlyCount "71"]
[EventDate "1998.08.30"]

1. e4 c5 2. Nc3 Nc6 3. g3 g6 4. Bg2 Bg7 5. d3 d6 6. Nge2 e6 7. O-O Nge7 8. Be3
O-O 9. Qd2 Rb8 10. Bh6 e5 11. Bxg7 Kxg7 12. f4 f6 13. Nd5 Be6 14. Nxe7 Qxe7 15.
f5 Bf7 16. g4 g5 17. h4 h6 18. hxg5 hxg5 19. Kf2 b5 20. Rh1 a5 21. Rh3 Rh8 22.
Rah1 Rxh3 23. Rxh3 a4 24. Qd1 Rh8 25. Rxh8 Kxh8 26. Qh1+ Kg7 27. a3 b4 28. Bf3
c4 29. dxc4 bxa3 30. bxa3 Qa7+ 31. Kg2 Qc5 32. Qa1 Bxc4 33. Qb2 Ba6 34. Ng3 Qe3
35. c3 Qc5 36. Be2 1/2-1/2

[Event "Open "A""]
[Site "Schwarzach"]
[Date "1998.08.23"]
[Round "2.5"]
[White "Blatny, Pavel"]
[Black "Vettel, Matthias"]
[Result "1-0"]
[WhiteElo "2520"]
[BlackElo "2225"]
[PlyCount "69"]
[EventDate "1998.08.30"]

1. Nf3 Nf6 2. b3 g6 3. Bb2 Bg7 4. g3 c5 5. Bg2 O-O 6. O-O Nc6 7. d4 Ne4 8. c4
d6 9. Nbd2 Bf5 10. Nh4 Nxd2 11. Qxd2 cxd4 12. Nxf5 gxf5 13. Bxc6 bxc6 14. Bxd4
e5 15. Be3 d5 16. Bc5 Re8 17. Rad1 dxc4 18. Qb4 Qc7 19. Qxc4 Red8 20. Qc2 Rd5
21. Rc1 Qd7 22. Be3 Rc8 23. Rfd1 Rd8 24. Rxd5 cxd5 25. Qc6 Qxc6 26. Rxc6 d4 27.
Bg5 Re8 28. b4 Rb8 29. a3 h5 30. Be7 Bf8 31. Bf6 Bg7 32. Be7 Bf8 33. Bxf8 Kxf8
34. Rc5 Ke8 35. b5 1-0

[Event "Open "A""]
[Site "Schwarzach"]
[Date "1998.08.23"]
[Round "2.6"]
[White "Zoler, Dan"]
[Black "Scholz, Franz-Peter"]
[Result "1-0"]
[WhiteElo "2500"]
[BlackElo "2200"]
[PlyCount "78"]
[EventDate "1998.08.30"]

1. Nf3 Nf6 2. g3 d6 3. d4 g6 4. Bg2 Bg7 5. O-O O-O 6. c4 Nbd7 7. Nc3 e5 8. h3
Re8 9. e4 exd4 10. Nxd4 Nc5 11. Re1 a5 12. Rb1 h6 13. b3 Ne6 14. Ndb5 Ng5 15.
Bxg5 hxg5 16. e5 dxe5 17. Qxd8 Rxd8 18. Nxc7 Rb8 19. Rbd1 Rxd1 20. Rxd1 Bf5 21.
g4 Bd7 22. Rd6 Kf8 23. Rb6 e4 24. Nxe4 Nxe4 25. Bxe4 Be5 26. Nb5 f5 27. Bf3 Kg7
28. c5 Kf7 29. Nd6+ Ke7 30. Nxb7 fxg4 31. hxg4 Rf8 32. Kg2 a4 33. Rxg6 axb3 34.
axb3 Bd4 35. c6 Be8 36. Rh6 Bf7 37. Nd6 Be6 38. Ne4 Bxb3 39. Rh7+ Ke6 1-0

[Event "Open "A""]
[Site "Schwarzach"]
[Date "1998.08.23"]
[Round "2.7"]
[White "Brandstaetter, Friedrich"]
[Black "Klovan, Janis"]
[Result "0-1"]
[WhiteElo "2135"]
[BlackElo "2465"]
[PlyCount "126"]
[EventDate "1998.08.30"]

1. e4 d5 2. exd5 Nf6 3. Nf3 Bg4 4. Be2 Nxd5 5. d4 e6 6. O-O Nc6 7. c4 Nb6 8.
Nc3 Be7 9. h3 Bxf3 10. Bxf3 Nxc4 11. Bxc6+ bxc6 12. Qa4 Nb6 13. Qxc6+ Qd7 14.
Qxd7+ Kxd7 15. Bf4 Rhd8 16. Rac1 c6 17. Ne4 Nd5 18. Bg5 f6 19. Bd2 Rdb8 20. b3
a5 21. Nc3 Nxc3 22. Rxc3 a4 23. Be3 axb3 24. axb3 Ra2 25. Rfc1 Ba3 26. Rd1 h5
27. h4 Rb7 28. g3 Kd6 29. Kg2 Bb4 30. Rc4 Kd5 31. Rdc1 Rb6 32. Rb1 Bd6 33. Rc3
Bb4 34. Rc4 Rb5 35. Rbc1 Rb6 36. Rb1 Bd6 37. Rc3 Rb4 38. Rbc1 Rb6 39. Rb1 Rba6
40. Rcc1 Ba3 41. Rc4 Bd6 42. Rcc1 Re2 43. Ra1 Raa2 44. Rxa2 Rxa2 45. Kf3 Ra3
46. Rb1 g6 47. Rb2 Bb4 48. Kg2 Bc3 49. Rc2 Rxb3 50. Ra2 Bxd4 51. Bxd4 Kxd4 52.
Ra7 c5 53. Rd7+ Ke5 54. Rc7 Rc3 55. Kf1 Rc2 56. Ke1 c4 57. Rc5+ Ke4 58. Rc6 Kf5
59. Rc5+ e5 60. Rc6 g5 61. Rc5 gxh4 62. gxh4 Kg4 63. Rc6 f5 0-1

[Event "Open "A""]
[Site "Schwarzach"]
[Date "1998.08.23"]
[Round "2.8"]
[White "Balinov, Ilia"]
[Black "Bernasek, Jan"]
[Result "1-0"]
[WhiteElo "2450"]
[BlackElo "2170"]
[PlyCount "45"]
[EventDate "1998.08.30"]

1. e4 c5 2. Nf3 e6 3. d4 cxd4 4. Nxd4 a6 5. Nc3 b5 6. Bd3 Qc7 7. O-O Nf6 8. Qf3
Bb7 9. Re1 Be7 10. Qh3 Nc6 11. Nxc6 dxc6 12. e5 Nd5 13. Nxd5 cxd5 14. c3 Bc5
15. Be3 h6 16. Qg4 Bxe3 17. Rxe3 O-O 18. Rae1 Qe7 19. Rf3 Qg5 20. Qd4 Rae8 21.
h4 Qe7 22. Rf6 Kh8 23. Qf4 1-0

[Event "Open "A""]
[Site "Schwarzach"]
[Date "1998.08.23"]
[Round "2.9"]
[White "Donegani, Peter"]
[Black "Hresc, Vladimir"]
[Result "0-1"]
[WhiteElo "2115"]
[BlackElo "2425"]
[PlyCount "126"]
[EventDate "1998.08.30"]

1. e4 c6 2. c4 e5 3. Nf3 Nf6 4. Nc3 d6 5. h3 Nbd7 6. d4 Qc7 7. Be2 g6 8. O-O
Bg7 9. Rb1 a5 10. b3 O-O 11. dxe5 dxe5 12. Ba3 Re8 13. Bd6 Qd8 14. Qd2 Nh5 15.
g3 Ndf6 16. Kh2 Qd7 17. Ng1 Bf8 18. Rbd1 Rd8 19. Qc2 Bxd6 20. c5 Qe7 21. cxd6
Rxd6 22. Rxd6 Qxd6 23. Rd1 Qe7 24. Na4 Ng7 25. Nb6 Rb8 26. Nf3 Be6 27. Nxe5
Bxb3 28. Qxb3 Qxe5 29. Nd7 Nxd7 30. Rxd7 Ne6 31. Rxb7 Rxb7 32. Qxb7 Qxe4 33.
Bf1 Kg7 34. Bg2 Qc2 35. Qxc6 Qxf2 36. Qc3+ Nd4 37. h4 a4 38. a3 h5 39. Kh3 Kh7
40. Qd3 Kh6 41. Qc3 Kh7 42. Qd3 Nf5 43. Qf3 Qd4 44. Qe4 Qd6 45. Qf3 Nh6 46. Bf1
Qe6+ 47. Kg2 Ng4 48. Be2 Kg8 49. Qa8+ Kg7 50. Qf3 Qe5 51. Qd3 Ne3+ 52. Kf2 Nf5
53. Bd1 Qb2+ 54. Kg1 Nxg3 55. Bxa4 Ne2+ 56. Kh1 Qb7+ 57. Kh2 Qb8+ 58. Kh1 Qa8+
59. Kh2 Qxa4 60. Qxe2 Qxa3 61. Qe5+ Kg8 62. Qe8+ Qf8 63. Qe5 Qd8 0-1

[Event "Open "A""]
[Site "Schwarzach"]
[Date "1998.08.23"]
[Round "2.10"]
[White "Hecht, Hans-Joachim"]
[Black "Navratil, Robert"]
[Result "1-0"]
[WhiteElo "2405"]
[BlackElo "2160"]
[PlyCount "73"]
[EventDate "1998.08.30"]

1. d4 Nf6 2. Nf3 g6 3. c4 Bg7 4. Nc3 d5 5. Qb3 dxc4 6. Qxc4 O-O 7. Bf4 c6 8. e4
Be6 9. Qa4 b5 10. Qc2 Na6 11. a3 Qa5 12. Bd2 Qb6 13. b4 Nb8 14. Be2 Nbd7 15.
O-O Nh5 16. Be3 Qb8 17. Ng5 Bc4 18. Bxc4 bxc4 19. Ne2 Nb6 20. Nf3 Qd6 21. Nd2
Qe6 22. Rac1 a5 23. Nxc4 Nxc4 24. Qxc4 Qxe4 25. Qxc6 Qd3 26. Ng3 Nxg3 27. hxg3
Qxa3 28. b5 Qd6 29. d5 Rfd8 30. b6 a4 31. b7 Rab8 32. Ba7 Be5 33. Qxd6 Bxd6 34.
Bxb8 Rxb8 35. Rc8+ Kg7 36. Rxb8 Bxb8 37. Ra1 1-0

[Event "Open "A""]
[Site "Schwarzach"]
[Date "1998.08.24"]
[Round "3.1"]
[White "Burmakin, Vladimir"]
[Black "Loeffler, Markus"]
[Result "0-1"]
[WhiteElo "2560"]
[BlackElo "2365"]
[PlyCount "70"]
[EventDate "1998.08.30"]

1. d4 Nf6 2. c4 g6 3. g3 Bg7 4. Bg2 O-O 5. Nc3 d6 6. Nf3 Nbd7 7. O-O e5 8. h3
exd4 9. Nxd4 Re8 10. Qc2 Nc5 11. Rd1 Qe7 12. Bg5 c6 13. Qc1 Qf8 14. Bf4 Nh5 15.
Be3 f5 16. Nf3 Be6 17. b3 Rad8 18. Ng5 Bc8 19. b4 Ne6 20. Nxe6 Bxe6 21. Bxa7
Bxc4 22. e3 d5 23. Bc5 Qf7 24. a4 g5 25. b5 f4 26. g4 fxe3 27. gxh5 Qxf2+ 28.
Kh1 Qf4 29. Rf1 Bxf1 30. Bxf1 Be5 31. Ra2 Bxc3 32. Be2 Qe4+ 33. Kg1 d4 34. Bc4+
Kh8 35. Rc2 Qe5 0-1

[Event "Open "A""]
[Site "Schwarzach"]
[Date "1998.08.24"]
[Round "3.4"]
[White "Klovan, Janis"]
[Black "Neckar, Lubomir"]
[Result "1/2-1/2"]
[WhiteElo "2465"]
[BlackElo "2345"]
[PlyCount "43"]
[EventDate "1998.08.30"]

1. e4 Nf6 2. e5 Nd5 3. d4 d6 4. Nf3 g6 5. Bc4 Nb6 6. Bb3 Nc6 7. a4 a5 8. exd6
cxd6 9. d5 Ne5 10. Nxe5 dxe5 11. Nc3 Bg7 12. Be3 Bf5 13. d6 exd6 14. Nb5 Nc8
15. Qd5 Qd7 16. Qc4 O-O 17. O-O-O Ra6 18. Qc7 Qxc7 19. Nxc7 Rc6 20. Nb5 Rd8 21.
Nc3 Be6 22. Bd5 1/2-1/2

[Event "Open "A""]
[Site "Schwarzach"]
[Date "1998.08.24"]
[Round "3.5"]
[White "Sofrigin, Alexej"]
[Black "Balinov, Ilia"]
[Result "0-1"]
[WhiteElo "2320"]
[BlackElo "2450"]
[PlyCount "94"]
[EventDate "1998.08.30"]

1. Nf3 Nf6 2. g3 g6 3. c4 Bg7 4. d4 d5 5. cxd5 Nxd5 6. Bg2 Nb6 7. O-O Nc6 8. e3
O-O 9. Nc3 e5 10. d5 Na5 11. Nd2 c6 12. dxc6 Nxc6 13. Nde4 Qe7 14. Qd6 Qxd6 15.
Nxd6 Rd8 16. Rd1 Bf8 17. Nxc8 Raxc8 18. Kf1 Bb4 19. Nd5 f5 20. Ke2 e4 21. Nxb6
axb6 22. f3 exf3+ 23. Bxf3 Rxd1 24. Kxd1 Ne5 25. Bxb7 Rc7 26. Bd5+ Kg7 27. e4
Nd3 28. a3 Nf2+ 29. Ke2 Rc2+ 30. Kf3 Ng4 31. exf5 gxf5 32. Be3 Bc5 33. Bxc5
bxc5 34. Kf4 Rf2+ 35. Bf3 Nxh2 36. Kxf5 Rxf3+ 37. Kg5 Rxg3+ 38. Kh4 Rg2 39. Rc1
Nf3+ 40. Kh3 Rg5 41. a4 Kf6 42. a5 Ke6 43. a6 Kd5 44. a7 Rg8 45. Rf1 Ne5 46.
Rg1 Ra8 47. Rg7 Nc6 0-1

[Event "Open "A""]
[Site "Schwarzach"]
[Date "1998.08.24"]
[Round "3.8"]
[White "Epishin, Vladimir"]
[Black "Kniest, Oliver"]
[Result "1-0"]
[WhiteElo "2585"]
[BlackElo "2300"]
[PlyCount "67"]
[EventDate "1998.08.30"]

1. d4 d5 2. c4 e6 3. Nf3 Nf6 4. g3 dxc4 5. Qa4+ c6 6. Qxc4 b5 7. Qc2 Bb7 8. e4
Nbd7 9. Nbd2 Qb6 10. Bh3 c5 11. d5 exd5 12. e5 Ne4 13. O-O Rd8 14. Bf5 Nxd2 15.
Bxd2 Be7 16. e6 fxe6 17. Bxh7 Bf6 18. Rae1 d4 19. Ng5 Ne5 20. Rxe5 Bxe5 21. Re1
Qd6 22. Qg6+ Kd7 23. Nf7 Qd5 24. Nxe5+ Kc8 25. f3 d3 26. b3 Qd4+ 27. Kf1 Rhf8
28. Qxe6+ Kb8 29. Nc6+ Bxc6 30. Qxc6 Rd6 31. Qxb5+ Rb6 32. Qxd3 Qxd3+ 33. Bxd3
Rxf3+ 34. Ke2 1-0

[Event "Open "A""]
[Site "Schwarzach"]
[Date "1998.08.24"]
[Round "3.9"]
[White "Wieser, Rupert"]
[Black "Beim, Valeri"]
[Result "0-1"]
[WhiteElo "2135"]
[BlackElo "2565"]
[PlyCount "106"]
[EventDate "1998.08.30"]

1. e4 d6 2. d4 Nf6 3. Nc3 g6 4. f4 Bg7 5. Nf3 O-O 6. Bd3 Na6 7. e5 Ne8 8. Be3
c5 9. dxc5 Nxc5 10. Bxc5 dxc5 11. Bc4 Qxd1+ 12. Rxd1 Nc7 13. Nd5 Nxd5 14. Bxd5
Bf5 15. c3 Rac8 16. h3 Rc7 17. Ke2 Bd7 18. Rd2 e6 19. Be4 f6 20. exf6 Bxf6 21.
g3 Bb5+ 22. Kd1 Be8 23. Re1 b5 24. h4 b4 25. c4 Re7 26. Bb1 Kg7 27. Kc1 Bd7 28.
Rd6 Bc8 29. Ne5 Rc7 30. Re3 Rd8 31. Rxd8 Bxd8 32. Nf3 Bf6 33. Ne5 Ba6 34. b3
Bb7 35. Kd2 Kf8 36. Ke2 Ke7 37. Bc2 a5 38. Ke1 Ba6 39. Ke2 a4 40. Ke1 axb3 41.
axb3 Bb7 42. h5 gxh5 43. Bxh7 Rc8 44. Bg6 h4 45. gxh4 Bxh4+ 46. Ke2 Bf6 47. Bh5
Ra8 48. Rd3 Bxe5 49. fxe5 Rh8 50. Bg4 Rh4 51. Rg3 Be4 52. Ke3 Bc2 53. Kd2 Bxb3
0-1